| 000 | 01079cam a2200349 a 4500 | ||
|---|---|---|---|
| 001 | 4650 | ||
| 003 | FISKH | ||
| 005 | 20240918161241.0 | ||
| 008 | 900416s1991 nyua j 000 0 eng | ||
| 010 | _a 90036045 | ||
| 020 | _a067991207X (glb) : | ||
| 020 | _a0679812075 (tr) : | ||
| 040 |
_aDLC _cDLC _dDLC _beng |
||
| 050 | _aQE861.P45 | ||
| 082 | _a567.91 | ||
| 100 | 1 | _aPenner, Lucille Recht. | |
| 245 | 1 | 0 |
_aDinosaur babies / _cby Lucille Recht Penner ; illustrated by Peter Barrett. |
| 260 |
_aToronto : _bRandom House, _c1991. |
||
| 300 |
_a32 pages : _bcolor illustrations ; _c23 cm |
||
| 490 | 1 | _aStep into reading. A Step 1 book | |
| 505 | _aJ | ||
| 520 | _aDescribes the characteristics and behavior of baby dinosaurs. | ||
| 521 | 8 |
_a470
_bLexile |
|
| 521 | 8 |
_aJ
_bRaz-Plus |
|
| 650 | 0 |
_aDinosaurs _xInfancy _xJuvenile literature. |
|
| 650 | 1 | _aDinosaurs. | |
| 650 | 1 |
_aAnimals _xInfancy. |
|
| 700 | 1 |
_aBarrett, Peter, _d1935- _eillustrator |
|
| 906 |
_a7 _bcbc _corignew _d1 _eocip _f19 _gy-gencatlg |
||
| 942 |
_2ddc _cBK _n0 |
||
| 999 |
_c4650 _d4650 |
||